[Event "79th Tata Steel GpB"]
[Site "Wijk aan Zee NED"]
[Date "2017.01.21"]
[Round "7.4"]
[White "Xiong, Jeffery"]
[Black "Dobrov, Vladimir"]
[Result "1-0"]
[WhiteTitle "GM"]
[BlackTitle "GM"]
[WhiteElo "2667"]
[BlackElo "2499"]
[WhiteFideId "2047640"]
[BlackFideId "4136594"]
[EventDate "2017.01.14"]

1. e4 c5 2. Nf3 b6 3. g3 Bb7 4. Qe2 g6 5. Bg2 Bg7 6. O-O Nf6 7. e5 Nd5 8. d4 Nc7
9. Rd1 Qc8 10. c3 Bc6 11. h4 Qa6 12. Qe3 cxd4 13. cxd4 Nd5 14. Qe1 Qb7 15. h5
O-O 16. Nh4 Na6 17. a3 e6 18. Nd2 d6 19. Nc4 dxe5 20. dxe5 Qe7 21. b4 g5 22. h6
Bxh6 23. Nd6 Nac7 24. a4 Bg7 25. Nf3 f6 26. b5 Be8 27. Ba3 Qd7 28. Ne4 f5 29.
Nexg5 Bh5 30. Bxf8 Rxf8 31. Rac1 Qe7 32. Rc6 f4 33. Rxd5 exd5 34. Qb1 Bg6 35.
Rxg6 hxg6 36. Qxg6 Rd8 37. Nh4 Kf8 38. Nf5 1-0

[Event "79th Tata Steel GpB"]
[Site "Wijk aan Zee NED"]
[Date "2017.01.21"]
[Round "7.5"]
[White "Tari, Aryan"]
[Black "Grandelius, Nils"]
[Result "1/2-1/2"]
[WhiteTitle "GM"]
[BlackTitle "GM"]
[WhiteElo "2584"]
[BlackElo "2642"]
[WhiteFideId "1510045"]
[BlackFideId "1710400"]
[EventDate "2017.01.14"]

1. c4 e6 2. g3 d5 3. Bg2 Nf6 4. Nf3 dxc4 5. Qa4+ Bd7 6. Qxc4 c5 7. Ne5 Qc8 8.
O-O Nc6 9. Nxd7 Qxd7 10. Nc3 Rc8 11. d3 Be7 12. a4 b6 13. Be3 O-O 14. Rac1 Rfd8
15. Rfe1 Nd5 16. Nxd5 exd5 17. Qb5 Qe6 18. d4 c4 19. b3 Nb4 20. a5 cxb3 21. Rxc8
Qxc8 22. axb6 axb6 23. Bd2 Nc2 24. Rc1 Ba3 25. Rb1 Nxd4 26. Qxb6 Bc5 27. Qa5
Nxe2+ 28. Kf1 Nd4 29. Bc3 h5 30. Rd1 Ne6 31. Bxd5 Bb6 32. Qb4 Qc5 33. Qxc5 Nxc5
34. Rd4 Ne6 35. Rd1 Rc8 36. Rd3 Ba7 37. Bxe6 fxe6 38. Ke2 Rc7 39. f3 Kf7 40. Be5
Rb7 41. Bb2 Bc5 42. Kd2 Bg1 43. h3 Bh2 44. f4 h4 45. gxh4 Bxf4+ 46. Ke2 Kg6 47.
Rd8 Kf5 48. Ra8 Rb5 49. Kd3 e5 50. Kc4 Rb7 51. Kd5 Bg3 52. Rh8 e4 53. Rf8+ Kg6
54. h5+ Kxh5 55. Kxe4 Kg6 56. Rh8 Rc7 57. Kd3 Rb7 58. h4 Bf4 59. Kc4 Bh6 60. Rd8
Kh5 61. Rd3 g6 62. Rxb3 Rc7+ 63. Kd3 Kxh4 64. Rb6 Kh5 65. Ke4 g5 66. Kf3 Rc2 67.
Be5 g4+ 68. Kg3 Bd2 69. Rb5 Be1+ 70. Kf4 Rf2+ 71. Ke3 Kh4 72. Rb8 Kh3 73. Rh8+
Kg2 74. Rh2+ Kg1 75. Rxf2 Bxf2+ 76. Ke2 Kg2 77. Bf4 Bg1 78. Be5 Kh1 79. Bg3 Bh2
80. Kf2 Bg1+ 81. Kf1 Bd4 82. Bf4 Bc5 83. Be5 Ba7 84. Bc7 Bg1 85. Bg3 Bh2 86. Kf2
Bxg3+ 87. Kxg3 Kg1 88. Kxg4 1/2-1/2

[Event "79th Tata Steel GpB"]
[Site "Wijk aan Zee NED"]
[Date "2017.01.21"]
[Round "7.6"]
[White "Van Foreest, Jorden"]
[Black "Jones, Gawain C B"]
[Result "0-1"]
[WhiteTitle "GM"]
[BlackTitle "GM"]
[WhiteElo "2612"]
[BlackElo "2665"]
[WhiteFideId "1039784"]
[BlackFideId "409561"]
[EventDate "2017.01.14"]

1. e4 e5 2. Nf3 Nc6 3. Bc4 Nf6 4. d3 Bc5 5. c3 d6 6. a4 a5 7. O-O h6 8. Be3 Bxe3
9. fxe3 O-O 10. Nbd2 Ne7 11. Bb3 Ng6 12. Qe2 Re8 13. Rad1 c6 14. Qf2 Be6 15.
Bxe6 Rxe6 16. h3 Qb6 17. Nc4 Qc7 18. Rfe1 Rd8 19. Nh4 b5 20. axb5 cxb5 21. Nd2
Nxh4 22. Qxh4 d5 23. exd5 Rxd5 24. d4 e4 25. Rf1 Rh5 26. Qf4 Qe7 27. Qb8+ Kh7
28. Qf4 Kg8 29. Qb8+ Kh7 30. Qf4 Rg5 31. c4 bxc4 32. Nxc4 Qb4 33. Ne5 Qxb2 34.
Rf2 Qb7 35. Ra1 Qc7 36. Rfa2 Rb6 37. Qf2 Rb5 38. Qe2 Rd5 39. Rc2 Qb7 40. Rac1
Rdxe5 41. dxe5 Rxe5 42. Rc7 Qb3 43. Ra7 Rf5 44. Qd2 Nd5 45. Rxa5 Nxe3 46. Rac5
Rxc5 47. Rxc5 Qd3 48. Qe1 Qd4 49. Qc3 Qd1+ 50. Kf2 Nd5 51. Qc2 Qd4+ 52. Kg3 Nb4
53. Qc4 Qd6+ 54. Kg4 Qg6+ 55. Kh4 Nd3 56. Rb5 Qf6+ 0-1

[Event "79th Tata Steel GpB"]
[Site "Wijk aan Zee NED"]
[Date "2017.01.21"]
[Round "7.7"]
[White "L'Ami, Erwin"]
[Black "Lu, Shanglei"]
[Result "1/2-1/2"]
[WhiteTitle "GM"]
[BlackTitle "GM"]
[WhiteElo "2605"]
[BlackElo "2612"]
[WhiteFideId "1007998"]
[BlackFideId "8603332"]
[EventDate "2017.01.14"]

1. d4 d5 2. Nf3 Nf6 3. Bf4 c5 4. e3 Nc6 5. Nbd2 Qb6 6. dxc5 Qxb2 7. Rb1 Qa3 8.
Bb5 e6 9. Ne5 Bd7 10. O-O Bxc5 11. Nxd7 Nxd7 12. c4 O-O 13. cxd5 exd5 14. Ne4
dxe4 15. Qxd7 Na5 16. Qd5 Rad8 17. Qxe4 a6 18. Ba4 b5 19. Bc2 g6 20. Be5 Rfe8
21. Qf4 Bd6 22. Bxd6 Rxd6 23. Bb3 Nxb3 24. axb3 Rd3 25. b4 Rb3 26. Rxb3 Qxb3 27.
Qd6 Qc4 28. Rd1 Re6 29. Qd2 Rc6 30. h3 Kg7 31. Qd7 1/2-1/2

[Event "79th Tata Steel GpB"]
[Site "Wijk aan Zee NED"]
[Date "2017.01.22"]
[Round "8.2"]
[White "Jones, Gawain C B"]
[Black "L'Ami, Erwin"]
[Result "1/2-1/2"]
[WhiteTitle "GM"]
[BlackTitle "GM"]
[WhiteElo "2665"]
[BlackElo "2605"]
[WhiteFideId "409561"]
[BlackFideId "1007998"]
[EventDate "2017.01.14"]

1. e4 e5 2. Nf3 Nc6 3. d4 exd4 4. Nxd4 Nf6 5. Nxc6 bxc6 6. e5 Qe7 7. Qe2 Nd5 8.
c4 Ba6 9. b3 g6 10. Ba3 d6 11. exd6 Qxe2+ 12. Bxe2 Bg7 13. cxd5 Bxe2 14. Kxe2
Bxa1 15. Rc1 O-O-O 16. f4 c5 17. Bxc5 Kb7 18. Nd2 cxd6 19. Bb4 Bd4 20. Kd3 Bc5
21. Bxc5 dxc5 22. Rxc5 Rhe8 23. Nf3 f6 24. b4 a6 25. g4 Re7 26. f5 gxf5 27. gxf5
Rg7 28. a4 Rg2 29. a5 Rf2 30. Nd4 Rxh2 31. b5 axb5 32. Rxb5+ Kc8 33. Kc4 Rd7 34.
Rb6 Rc7+ 35. Nc6 Kd7 36. a6 h5 37. Rb8 Rc8 38. a7 Ra2 39. Kc5 h4 40. Rb7+ Rc7
41. Rb8 Rc8 42. Rb7+ Rc7 43. Rb8 1/2-1/2

[Event "79th Tata Steel GpB"]
[Site "Wijk aan Zee NED"]
[Date "2017.01.22"]
[Round "8.3"]
[White "Lu, Shanglei"]
[Black "Xiong, Jeffery"]
[Result "1/2-1/2"]
[WhiteTitle "GM"]
[BlackTitle "GM"]
[WhiteElo "2612"]
[BlackElo "2667"]
[WhiteFideId "8603332"]
[BlackFideId "2047640"]
[EventDate "2017.01.14"]

1. e4 c5 2. Nf3 d6 3. d4 cxd4 4. Nxd4 Nf6 5. Nc3 a6 6. a3 g6 7. h3 Bg7 8. Bc4
O-O 9. Ba2 Nc6 10. O-O Bd7 11. Be3 Rc8 12. f4 Nxd4 13. Bxd4 Bc6 14. Re1 Qc7 15.
Qd3 b5 16. Rad1 Qb7 17. Nd5 Bxd5 18. exd5 Rc7 19. Rd2 Rfc8 20. c3 a5 21. Bb3 Nd7
22. Qe3 Nc5 23. Bd1 Bh6 24. Qf3 b4 25. axb4 axb4 26. c4 b3 27. Rde2 Qb4 28. Rxe7
Rxe7 29. Rxe7 Qxc4 30. Qe3 Bf8 31. Ra7 Qxd5 32. Bg4 Ne6 33. Bc3 Qc5 34. Qxc5
dxc5 35. Bxe6 fxe6 36. Rb7 c4 37. Kf2 h5 1/2-1/2

[Event "79th Tata Steel GpB"]
[Site "Wijk aan Zee NED"]
[Date "2017.01.22"]
[Round "8.5"]
[White "Smirin, Ilia"]
[Black "Ragger, Markus"]
[Result "1/2-1/2"]
[WhiteTitle "GM"]
[BlackTitle "GM"]
[WhiteElo "2667"]
[BlackElo "2697"]
[WhiteFideId "2801990"]
[BlackFideId "1610856"]
[EventDate "2017.01.14"]

1. e4 e5 2. Nc3 Nf6 3. g3 Nc6 4. Bg2 Bc5 5. Nf3 d6 6. d3 a6 7. h3 h6 8. Be3 Bxe3
9. fxe3 Be6 10. O-O Ne7 11. Nh4 d5 12. exd5 Nfxd5 13. Nxd5 Nxd5 14. Nf5 O-O 15.
Qd2 c6 16. Kh2 Qb6 17. c4 Bxf5 18. cxd5 Bd7 19. d4 exd4 20. Qxd4 Qxd4 21. exd4
Rad8 22. dxc6 Bxc6 23. Bxc6 bxc6 24. Rfd1 Rfe8 25. Rd2 Re4 26. Rc1 Rexd4 27.
Rxd4 Rxd4 28. Rxc6 Rd2+ 29. Kg1 Rxb2 30. Rxa6 h5 1/2-1/2

[Event "79th Tata Steel GpB"]
[Site "Wijk aan Zee NED"]
[Date "2017.01.22"]
[Round "8.6"]
[White "Tari, Aryan"]
[Black "Bok, Benjamin"]
[Result "1/2-1/2"]
[WhiteTitle "GM"]
[BlackTitle "GM"]
[WhiteElo "2584"]
[BlackElo "2608"]
[WhiteFideId "1510045"]
[BlackFideId "1017063"]
[EventDate "2017.01.14"]

1. e4 e6 2. d4 d5 3. Nc3 Nf6 4. e5 Nfd7 5. f4 c5 6. Nf3 Nc6 7. Be3 Be7 8. Qd2 a6
9. Be2 O-O 10. Nd1 b5 11. c3 b4 12. cxb4 cxd4 13. Nxd4 Bxb4 14. Nc3 Nxd4 15.
Bxd4 a5 16. O-O Ba6 17. Bxa6 Rxa6 18. a3 Bc5 19. Na4 Bxd4+ 20. Qxd4 Rc6 21. Rac1
Qc7 22. Rxc6 Qxc6 23. Rf3 Qc1+ 24. Rf1 Qc2 25. Rf2 Qc1+ 26. Rf1 Qc2 27. Rf2 Qc1+ 1/2-1/2

[Event "79th Tata Steel GpB"]
[Site "Wijk aan Zee NED"]
[Date "2017.01.22"]
[Round "8.7"]
[White "Dobrov, Vladimir"]
[Black "Lei, Tingjie"]
[Result "1-0"]
[WhiteTitle "GM"]
[BlackTitle "WGM"]
[WhiteElo "2499"]
[BlackElo "2467"]
[WhiteFideId "4136594"]
[BlackFideId "8605114"]
[EventDate "2017.01.14"]

1. c4 c6 2. Nf3 d5 3. e3 Nf6 4. Nc3 e6 5. b3 Nbd7 6. Qc2 Bd6 7. Bb2 O-O 8. Rg1
b5 9. cxb5 Bb7 10. bxc6 Bxc6 11. Nb5 Bxb5 12. Bxb5 Rc8 13. Qd1 Qa5 14. Be2 e5
15. g3 Ba3 16. Bxa3 Qxa3 17. Kf1 Rc7 18. Kg2 Rfc8 19. Bb5 a6 20. Be2 Rc2 21. Rf1
R8c7 22. Kg1 g6 23. d4 e4 24. Ne5 Nxe5 25. dxe5 Nd7 26. Bc4 Nxe5 27. Qxc2 Nf3+
28. Kg2 Qe7 29. Rad1 dxc4 30. Qc3 Rc8 31. Rd5 f6 32. Rfd1 Rc7 33. Qa5 Ne5 34.
bxc4 Kg7 35. R1d4 Nf7 36. Qxa6 Kh6 37. c5 Ng5 38. Qd6 Qf7 39. h4 1-0

[Event "79th Tata Steel GpB"]
[Site "Wijk aan Zee NED"]
[Date "2017.01.24"]
[Round "9.1"]
[White "Lei, Tingjie"]
[Black "Lu, Shanglei"]
[Result "1/2-1/2"]
[WhiteTitle "WGM"]
[BlackTitle "GM"]
[WhiteElo "2467"]
[BlackElo "2612"]
[WhiteFideId "8605114"]
[BlackFideId "8603332"]
[EventDate "2017.01.14"]

1. e4 c5 2. Nf3 d6 3. d4 cxd4 4. Nxd4 Nf6 5. Nc3 a6 6. Be3 Ng4 7. Bc1 Nf6 8. f3
e5 9. Nb3 Be6 10. Be3 Nbd7 11. Qd2 h5 12. Nd5 Bxd5 13. exd5 Be7 14. Be2 h4 15.
O-O-O Rc8 16. Qb4 b5 17. a4 Nb6 18. Bxb6 Qxb6 19. Kb1 Qf2 20. Qd2 O-O 21. axb5
Nxd5 22. Rdf1 Qe3 23. bxa6 Qxd2 24. Nxd2 Ne3 25. Rc1 Nxg2 26. Bb5 Nf4 27. Rce1
Ne6 28. c3 Ra8 29. Kc2 Nc7 30. Bc4 Nxa6 31. f4 Rfc8 32. fxe5 d5 33. Bxa6 Rxa6
34. Nf3 Rb8 35. Ra1 Rab6 36. Ra2 f5 37. Rg1 Kf7 38. b4 Rc8 39. Kd3 Rbc6 40. Ra3
g6 41. Nd4 Rc4 42. h3 R8c7 43. Nb5 Rb7 44. Ra5 Rb6 45. Rg2 Re4 46. Nc7 Rxe5 47.
Nxd5 Rbe6 48. Rg1 Kg7 49. Nxe7 1/2-1/2

[Event "79th Tata Steel GpB"]
[Site "Wijk aan Zee NED"]
[Date "2017.01.24"]
[Round "9.2"]
[White "Ragger, Markus"]
[Black "Tari, Aryan"]
[Result "1/2-1/2"]
[WhiteTitle "GM"]
[BlackTitle "GM"]
[WhiteElo "2697"]
[BlackElo "2584"]
[WhiteFideId "1610856"]
[BlackFideId "1510045"]
[EventDate "2017.01.14"]

1. e4 c6 2. d4 d5 3. e5 Bf5 4. Nf3 e6 5. Be2 Ne7 6. O-O c5 7. c4 Nbc6 8. dxc5 d4
9. Qb3 Qd7 10. Rd1 Ng6 11. Nc3 Bxc5 12. Nb5 Ngxe5 13. Nxe5 Nxe5 14. Qg3 f6 15.
Be3 O-O 16. Nxd4 Qe7 17. Nxf5 exf5 18. Rd5 Bxe3 19. Qxe3 Rfe8 20. Rad1 Nc6 21.
Rd7 Qxe3 22. fxe3 Rab8 23. Bf3 Ne5 24. Rc7 Kf8 25. Bxb7 Re7 26. Rc8+ Re8 27. Rc7
Re7 28. Rc8+ Re8 29. Rc7 Re7 1/2-1/2

[Event "79th Tata Steel GpB"]
[Site "Wijk aan Zee NED"]
[Date "2017.01.24"]
[Round "9.3"]
[White "Xiong, Jeffery"]
[Black "Jones, Gawain C B"]
[Result "1-0"]
[WhiteTitle "GM"]
[BlackTitle "GM"]
[WhiteElo "2667"]
[BlackElo "2665"]
[WhiteFideId "2047640"]
[BlackFideId "409561"]
[EventDate "2017.01.14"]

1. d4 Nf6 2. c4 g6 3. Nc3 Bg7 4. g3 O-O 5. Bg2 d6 6. Nf3 c5 7. d5 e6 8. O-O exd5
9. cxd5 Re8 10. Re1 Ne4 11. Nxe4 Rxe4 12. Qc2 Bf5 13. Bh3 Na6 14. Bxf5 gxf5 15.
Ng5 Re5 16. Bf4 Nb4 17. Qb3 a5 18. a3 a4 19. Qc4 b5 20. Qxb5 Nc2 21. Bxe5 dxe5
22. Qb7 Qe8 23. Nxf7 Rb8 24. Qc7 Rc8 25. Qb7 Rb8 26. Qc7 Rc8 27. Nd6 Rxc7 28.
Nxe8 Rd7 29. Nxg7 Kxg7 30. Kf1 Nxa1 31. Rxa1 Rxd5 32. Rc1 Rd2 33. Rxc5 Kf6 34.
Rc6+ Kg5 35. Rb6 Rc2 36. f3 f4 37. h4+ Kh5 38. gxf4 exf4 39. Rb4 Kxh4 40. Rxf4+
Kg3 41. Rg4+ Kh3 42. Rxa4 Rxb2 43. Kf2 h5 44. Ra8 h4 45. a4 Kh2 46. a5 Rb7 47.
Rh8 h3 48. Rh4 Rb1 49. Ra4 Kh1 50. a6 h2 51. a7 Rf1+ 52. Ke3 Kg2 53. Rg4+ Kh1
54. a8=Q Rxf3+ 55. Qxf3# 1-0

[Event "79th Tata Steel GpB"]
[Site "Wijk aan Zee NED"]
[Date "2017.01.24"]
[Round "9.4"]
[White "Van Foreest, Jorden"]
[Black "Smirin, Ilia"]
[Result "0-1"]
[WhiteTitle "GM"]
[BlackTitle "GM"]
[WhiteElo "2612"]
[BlackElo "2667"]
[WhiteFideId "1039784"]
[BlackFideId "2801990"]
[EventDate "2017.01.14"]

1. d4 g6 2. e4 Bg7 3. Nc3 d6 4. Be3 a6 5. h4 Nf6 6. f3 b5 7. Qd2 h5 8. Nh3 Nbd7
9. O-O-O Nb6 10. a3 c6 11. Ng5 O-O 12. g4 hxg4 13. h5 Nxh5 14. fxg4 Bxg4 15. Be2
Nc4 16. Bxc4 bxc4 17. Rdg1 Qd7 18. Qg2 f5 19. exf5 Bxf5 20. Nf3 Qe6 21. Bd2 Be4
22. Nxe4 Qxe4 23. Rxh5 Rxf3 24. Rg5 Raf8 25. Rxg6 Rf1+ 26. Rxf1 Rxf1+ 27. Qxf1
Qxg6 28. Qxc4+ d5 29. Qf1 Bxd4 30. Bc3 Qg1 31. Qxg1+ Bxg1 32. Kd2 Kf7 33. Kd3
Ke6 34. Bb4 Kf6 35. a4 e5 36. Bf8 e4+ 37. Ke2 d4 38. Bd6 Be3 39. c3 Bc1 40. cxd4
Bxb2 41. Ke3 Ke6 42. Bc5 Kd5 43. Bb6 Bc1+ 44. Ke2 Kc4 45. a5 e3 46. Ba7 Bd2 47.
Bb6 Kb5 48. d5 cxd5 49. Kd3 Bxa5 50. Bxe3 Bb6 51. Bc1 a5 52. Bb2 a4 53. Kc3 d4+
54. Kd3 Kb4 55. Bc1 Kb3 0-1

[Event "79th Tata Steel GpB"]
[Site "Wijk aan Zee NED"]
[Date "2017.01.24"]
[Round "9.7"]
[White "Bok, Benjamin"]
[Black "Grandelius, Nils"]
[Result "1/2-1/2"]
[WhiteTitle "GM"]
[BlackTitle "GM"]
[WhiteElo "2608"]
[BlackElo "2642"]
[WhiteFideId "1017063"]
[BlackFideId "1710400"]
[EventDate "2017.01.14"]

1. e4 e5 2. Nf3 Nc6 3. Bb5 a6 4. Ba4 Nf6 5. O-O Be7 6. Re1 b5 7. Bb3 O-O 8. c3
d5 9. exd5 Nxd5 10. Nxe5 Nxe5 11. Rxe5 c6 12. d3 Bd6 13. Re1 Bf5 14. Qf3 Qh4 15.
g3 Qh3 16. Be3 Bxd3 17. Nd2 Qf5 18. Bd4 Rfe8 19. a4 Kf8 20. Kg2 f6 21. Qxf5 Bxf5
22. Rxe8+ Rxe8 23. axb5 axb5 24. Ra6 Re2 25. Rxc6 Be5 26. Bc5+ Ke8 27. Bxd5 Rxd2
28. Bf3 Rxb2 29. Ra6 Rd2 30. Ra7 Bxc3 31. Bc6+ Bd7 32. Rxd7 Rxd7 33. Bxb5 Kd8
34. Bxd7 Kxd7 35. Kf3 Ke6 36. Ke4 1/2-1/2

[Event "79th Tata Steel GpB"]
[Site "Wijk aan Zee NED"]
[Date "2017.01.25"]
[Round "10.1"]
[White "Grandelius, Nils"]
[Black "Dobrov, Vladimir"]
[Result "1-0"]
[WhiteTitle "GM"]
[BlackTitle "GM"]
[WhiteElo "2642"]
[BlackElo "2499"]
[WhiteFideId "1710400"]
[BlackFideId "4136594"]
[EventDate "2017.01.14"]

1. e4 c5 2. Nf3 d6 3. d4 cxd4 4. Nxd4 Nf6 5. Nc3 a6 6. h3 e6 7. g4 h6 8. Bg2 g5
9. b3 Nbd7 10. Bb2 Ne5 11. Qd2 h5 12. f4 gxf4 13. g5 Nh7 14. h4 f6 15. g6 Nxg6
16. Bf3 Be7 17. Bxh5 Nf8 18. Bxg6+ Nxg6 19. O-O-O Qa5 20. Nf5 exf5 21. Qg2 Be6
22. Qxg6+ Bf7 23. Qg7 Rg8 24. Qh7 fxe4 25. Qxe4 Kf8 26. Nd5 Re8 27. Nxf4 f5 28.
Qf3 Qxa2 29. Rd5 Bxh4 30. Rxf5 Re7 31. Qc3 1-0

[Event "79th Tata Steel GpB"]
[Site "Wijk aan Zee NED"]
[Date "2017.01.25"]
[Round "10.3"]
[White "Smirin, Ilia"]
[Black "L'Ami, Erwin"]
[Result "1/2-1/2"]
[WhiteTitle "GM"]
[BlackTitle "GM"]
[WhiteElo "2667"]
[BlackElo "2605"]
[WhiteFideId "2801990"]
[BlackFideId "1007998"]
[EventDate "2017.01.14"]

1. e4 e5 2. Nf3 Nc6 3. Bb5 a6 4. Ba4 Nf6 5. O-O Be7 6. Re1 b5 7. Bb3 O-O 8. d4
d6 9. c3 Bg4 10. Be3 exd4 11. cxd4 d5 12. e5 Ne4 13. h3 Bh5 14. Nbd2 Nxd2 15.
Qxd2 Bxf3 16. Qc3 Nxe5 17. dxe5 Be4 18. Rad1 a5 19. Qc6 Qe8 20. Qxc7 Bb4 21. Re2
Rc8 22. Qb6 Qxe5 23. f3 a4 24. Bxd5 Bc2 25. Qd4 Qxd4 26. Rxd4 Bc5 27. Rdd2 Bg6
28. Bxc5 Rxc5 29. Kf2 Rb8 30. Be4 Kf8 31. Bxg6 1/2-1/2

[Event "79th Tata Steel GpB"]
[Site "Wijk aan Zee NED"]
[Date "2017.01.25"]
[Round "10.4"]
[White "Bok, Benjamin"]
[Black "Ragger, Markus"]
[Result "1/2-1/2"]
[WhiteTitle "GM"]
[BlackTitle "GM"]
[WhiteElo "2608"]
[BlackElo "2697"]
[WhiteFideId "1017063"]
[BlackFideId "1610856"]
[EventDate "2017.01.14"]

1. e4 e5 2. Nf3 Nc6 3. Bc4 Bc5 4. O-O Nf6 5. d3 O-O 6. a4 a5 7. c3 d5 8. exd5
Nxd5 9. Nbd2 Nb6 10. Bb5 Bd6 11. Ne4 Na7 12. d4 Nxb5 13. axb5 exd4 14. Nxd6 Qxd6
15. Qxd4 Bd7 16. Bf4 Qxd4 17. Nxd4 c5 18. bxc6 bxc6 19. Bd6 Rfe8 20. b3 a4 21.
Bc5 axb3 22. Nxb3 Na4 23. Bd4 Be6 24. Nc5 Nxc5 25. Bxc5 h5 26. h4 Red8 27. f3
Rxa1 28. Rxa1 Rd3 29. Bd4 c5 30. Bxc5 Rxc3 1/2-1/2

[Event "79th Tata Steel GpB"]
[Site "Wijk aan Zee NED"]
[Date "2017.01.25"]
[Round "10.6"]
[White "Jones, Gawain C B"]
[Black "Lei, Tingjie"]
[Result "1/2-1/2"]
[WhiteTitle "GM"]
[BlackTitle "WGM"]
[WhiteElo "2665"]
[BlackElo "2467"]
[WhiteFideId "409561"]
[BlackFideId "8605114"]
[EventDate "2017.01.14"]

1. e4 e6 2. d4 d5 3. Nd2 c5 4. Ngf3 cxd4 5. exd5 Qxd5 6. Bc4 Qd6 7. Bb3 Nc6 8.
O-O Nf6 9. Nc4 Qd8 10. Nce5 Bc5 11. Nxc6 bxc6 12. Re1 O-O 13. Bg5 a5 14. Ne5 Qc7
15. Bxf6 gxf6 16. Qh5 Be7 17. Nf3 Kh8 18. c3 dxc3 19. bxc3 a4 20. Bc2 f5 21.
Rad1 Bf6 22. Qh6 Bg7 23. Qh4 h6 24. Re3 Ra5 25. Bxa4 Rd5 26. Rde1 c5 27. Bb3 c4
28. Bxc4 Rc5 29. Bb3 Rxc3 30. Rxc3 Qxc3 31. Qe7 Kg8 32. h3 Bf6 33. Qd6 Bb7 34.
Re3 Qa1+ 35. Kh2 Bxf3 36. Qg3+ Bg4 37. hxg4 f4 38. Qxf4 Bg5 39. Qe4 Bxe3 40.
Qxe3 Qf6 41. g3 Kg7 42. Kg2 Rd8 43. a4 Qg5 44. Qc3+ Kg8 45. Qc7 Rd4 46. a5 Qb5
47. Qc8+ Kg7 48. Qc3 Qb7+ 49. Kh2 Qb4 50. Qe3 Re4 51. Qf3 Re5 52. a6 Ra5 53. Bc2
Rxa6 54. Qd3 Ra2 55. Qh7+ Kf8 56. Qxh6+ Ke8 57. Qh8+ Ke7 58. Qh4+ Ke8 59. Qh8+
Ke7 60. Qh4+ f6 61. Qh7+ Kd6 62. Qd3+ Kc7 63. Qh7+ Kb8 64. Qg8+ Ka7 65. Qc8 Qd6
66. Qc3 Qb6 67. Kh3 Kb8 68. Qc4 Rb2 69. Qc3 Ra2 70. Qc4 Rb2 71. Qc3 Qb5 72. Kh2
Ra2 73. Qd2 Qb6 74. Kg1 Ra1+ 75. Kh2 Ra2 76. Kg1 e5 77. Qd3 Ra1+ 78. Kg2 Qc6+
79. Qe4 Kc7 80. Qxc6+ Kxc6 81. Be4+ Kc5 82. f3 Re1 83. Bf5 Kd4 84. g5 fxg5 85.
Kh3 Ke3 86. Kg4 Ra1 87. Be4 Rf1 88. Bc6 Rf2 89. Be4 Rf1 90. Bc6 Rg1 91. Be4 Rg2
92. Bd5 Kd4 93. Be4 Rg1 94. Bc6 Kc5 95. Be4 Kd6 96. Bb7 Ke6 97. Be4 Kf6 98. Bc6
Rc1 99. Be4 Rc4 100. Kh5 Rb4 101. Kg4 Rb8 102. Bd5 Rd8 103. Be4 Rg8 104. Bd5 Rg7
105. Be4 Ke6 106. Bf5+ Kd5 107. Be4+ Kd4 108. Bc6 Ke3 109. Bd5 Kf2 110. Be4 Ra7
111. Bd5 Ra5 112. Be4 Ra4 113. Kxg5 Kxg3 114. Kf5 Ra5 115. Bc6 Rc5 116. Be4 Kf2
117. f4 exf4+ 118. Kxf4 Rc4 119. Ke5 Rxe4+ 120. Kxe4 1/2-1/2

[Event "79th Tata Steel GpB"]
[Site "Wijk aan Zee NED"]
[Date "2017.01.25"]
[Round "10.7"]
[White "Tari, Aryan"]
[Black "Van Foreest, Jorden"]
[Result "1/2-1/2"]
[WhiteTitle "GM"]
[BlackTitle "GM"]
[WhiteElo "2584"]
[BlackElo "2612"]
[WhiteFideId "1510045"]
[BlackFideId "1039784"]
[EventDate "2017.01.14"]

1. e4 c5 2. Nf3 e6 3. d4 cxd4 4. Nxd4 Nc6 5. Nc3 Qc7 6. Qd3 Nf6 7. Ndb5 Qb8 8.
Qg3 d6 9. Be3 a6 10. Nd4 Qc7 11. f4 g6 12. O-O-O Bg7 13. f5 Nxd4 14. Bxd4 O-O
15. Qh4 e5 16. Be3 b5 17. a3 Bb7 18. Bg5 Qd8 19. Kb1 Rc8 20. Rd3 a5 21. Rh3 h6
22. Bxf6 Qxf6 23. Qxf6 Bxf6 24. Bxb5 gxf5 25. Rf1 f4 26. Rxh6 Kg7 27. Rh3 Rh8
28. Rxh8 Rxh8 29. h3 Be7 30. Bc4 f5 31. Bd5 Bxd5 32. Nxd5 Bh4 33. exf5 Kf7 34.
Rd1 Rg8 35. Rd2 e4 36. Nxf4 Bg5 37. g3 Bxf4 38. gxf4 Rg1+ 39. Ka2 Kf6 40. Rxd6+
Kxf5 41. Rd8 e3 42. Re8 Kxf4 43. b4 axb4 44. axb4 Kf3 45. Rf8+ Kg3 46. Re8 Kf2
47. Kb3 e2 48. Kc4 Rg8 49. Re6 Rg6 50. Re8 e1=Q 51. Rxe1 Kxe1 52. Kc5 Kd2 53. b5
Rg5+ 54. Kc6 Kxc2 55. b6 Kd3 56. b7 Rg8 57. Kc7 Ke4 58. h4 Kd5 59. b8=R Rxb8 60.
Kxb8 Ke5 61. Ka7 Kf5 62. Ka6 Kg4 63. Ka5 Kh5 64. Ka4 Kxh4 1/2-1/2

[Event "79th Tata Steel GpB"]
[Site "Wijk aan Zee NED"]
[Date "2017.01.27"]
[Round "11.1"]
[White "L'Ami, Erwin"]
[Black "Tari, Aryan"]
[Result "1/2-1/2"]
[WhiteTitle "GM"]
[BlackTitle "GM"]
[WhiteElo "2605"]
[BlackElo "2584"]
[WhiteFideId "1007998"]
[BlackFideId "1510045"]
[EventDate "2017.01.14"]

1. d4 Nf6 2. c4 g6 3. Nc3 d5 4. cxd5 Nxd5 5. e4 Nxc3 6. bxc3 Bg7 7. Nf3 c5 8.
Bb5+ Nc6 9. O-O cxd4 10. cxd4 O-O 11. Be3 Bg4 12. Bxc6 bxc6 13. Rc1 Qa5 14. Qe2
Rfd8 15. Qc4 Qb5 16. a4 Qxc4 17. Rxc4 Rab8 18. Rfc1 Bd7 19. Ne5 Be8 20. f3 Rb3
21. Kf2 f5 22. exf5 gxf5 23. Nxc6 Bxc6 24. Rxc6 Bxd4 25. Bxd4 Rxd4 26. Rc7 Rb2+
27. Kg3 Re2 28. Rxa7 Rdd2 29. Kf4 Kf7 30. Kxf5 Rxg2 31. Re1 Rd5+ 32. Kf4 Rd4+
33. Kf5 Rd5+ 1/2-1/2

[Event "79th Tata Steel GpB"]
[Site "Wijk aan Zee NED"]
[Date "2017.01.27"]
[Round "11.2"]
[White "Xiong, Jeffery"]
[Black "Smirin, Ilia"]
[Result "1-0"]
[WhiteTitle "GM"]
[BlackTitle "GM"]
[WhiteElo "2667"]
[BlackElo "2667"]
[WhiteFideId "2047640"]
[BlackFideId "2801990"]
[EventDate "2017.01.14"]

1. d4 Nf6 2. c4 g6 3. g3 c6 4. Bg2 d5 5. cxd5 cxd5 6. Nf3 Bg7 7. Nc3 Ne4 8. Qa4+
Bd7 9. Qb3 Bc6 10. O-O Nxc3 11. bxc3 Nd7 12. a4 O-O 13. a5 b6 14. Qa2 bxa5 15.
Nd2 Nb6 16. Qxa5 e5 17. Ba3 Re8 18. e3 Qd7 19. Rfd1 Bf6 20. dxe5 Bxe5 21. Bc5
Rec8 22. Bd4 Qe7 23. Bxe5 Qxe5 24. c4 Qe6 25. c5 Nc4 26. Nxc4 dxc4 27. Rd6 Qe8
28. Bxc6 Rxc6 29. Rad1 Qe4 30. Qc3 Re8 31. Rxc6 Qxc6 32. Qxc4 Rc8 33. h4 h5 34.
Kh2 Kg7 35. Qc3+ Kh7 36. Qc4 Rc7 37. Rd5 a5 38. Qd4 Rc8 39. e4 a4 40. Rd7 Kg8
41. Rd6 Qb5 42. c6 a3 43. Kg2 Qb2 44. Qd5 Kg7 45. Rxg6+ fxg6 46. Qd7+ Kh6 47.
Qxc8 Qe5 48. c7 Qxe4+ 49. Kh2 Qd4 1-0